Media and Information Literacy: (Record no. 533840)
[ view plain ]
| 000 -LEADER | |
|---|---|
| fixed length control field | 00655nam a22001697a 4500 |
| 020 ## - INTERNATIONAL STANDARD BOOK NUMBER | |
| Qualifying information | Hard Cover. |
| 082 ## - DEWEY DECIMAL CLASSIFICATION NUMBER | |
| Classification number | 302.2 |
| 100 ## - MAIN ENTRY--PERSONAL NAME | |
| Personal name | Javaid, Aiman, Maham Hashmi, Parisey Tariq and Romessa Nadeem |
| 245 ## - TITLE STATEMENT | |
| Title | Media and Information Literacy: |
| Remainder of title | (MIL PAKISTAN) / |
| Statement of responsibility, etc. | AimanJavaid, Maham Hashmi, Parisey Tariq and Romessa Nadeem. |
| 260 ## - PUBLICATION, DISTRIBUTION, ETC. | |
| Place of publication, distribution, etc. | Islamabad: |
| Name of publisher, distributor, etc. | S3H - NUST, |
| Date of publication, distribution, etc. | 2019. |
| 300 ## - PHYSICAL DESCRIPTION | |
| Extent | xii, 40 p. : |
| Other physical details | ill. ; |
| Dimensions | 30cm. |
| 650 ## - SUBJECT ADDED ENTRY--TOPICAL TERM | |
| Topical term or geographic name entry element | Mass Communication BS-Project. |
| 700 ## - ADDED ENTRY--PERSONAL NAME | |
| Personal name | Dr. Muhammad Arif |
| 856 ## - Uniform Resource Identifier | |
| Uniform Resource Identifier | <a href="http://10.250.8.41:8080/xmlui/handle/123456789/3365">http://10.250.8.41:8080/xmlui/handle/123456789/3365</a> |
| 942 ## - ADDED ENTRY ELEMENTS (KOHA) | |
| Source of classification or shelving scheme | |
| Koha item type | Thesis |
| 650 ## - SUBJECT ADDED ENTRY--TOPICAL TERM | |
| -- | 27857 |
| 700 ## - ADDED ENTRY--PERSONAL NAME | |
| -- | 27858 |
| Withdrawn status | Lost status | Source of classification or shelving scheme | Damaged status | Not for loan | Permanent Location | Current Location | Shelving location | Date acquired | Full call number | Barcode | Date last seen | Price effective from | Koha item type |
|---|---|---|---|---|---|---|---|---|---|---|---|---|---|
| WITHDRAWN | Central Library (CL) | Central Library (CL) | Thesis | 01/22/2020 | 302.2 | CL-BP-11 | 01/22/2020 | 01/22/2020 | Project Report |
